000 00617nam a2200241Ia 4500
003 OSt
005 20221005122146.0
006 a|||||r|||| 00| 0
007 ta
008 221004b |||||||| |||| 00| 0 eng d
024 _a61645
037 _cTextual
040 _aCRL
_cCRL
_beng
041 _2eng
_aeng
082 _aR673, H8
100 _aSubramania Pillai Tiru G.
_9631554
245 0 _aIntorduction and history of Saiva siddhanta
260 _c1948
300 _avp
_ccm.
650 _aPHILOSOPHY
942 _hR673, H8
_cTEXL
_2cc
999 _c1043444
_d1043444